| 000 | 00567nam a22001937a 4500 | ||
|---|---|---|---|
| 005 | 20251108174641.0 | ||
| 008 | 250721s1999 xx 000 0 ara d | ||
| 082 | 1 | 4 | _aط/372.21/حرم |
| 100 | 1 | _aحرمي، عبد الله | |
| 245 | 1 | 0 | _aتعال نتعلم العد / |
| 264 | 1 |
_ahg;,dj : _bوكالة المطبوعات، _c1999. |
|
| 300 | _a10ص. | ||
| 650 | 1 | 7 | _aالتعليم |
| 650 | 1 | 7 | _aاطفال الروضه |
| 650 | 1 | 7 | _aالحساب |
| 653 | _aاطفال ما قبل المدرسه (0-5)سنوات | ||
| 942 |
_2ddc _cBK |
||
| 999 |
_c114495 _d114495 |
||